00785cam a22002537a 4500003000500000005001700005008004100022010000900063011000900072035000900081040000900090082001600099100002500115245005500140260003700195300002000232490005100252650001700303650001700320650002600337710005000363710006700413830005100480CHAP20220817041153.0971013s1992 cr a r 00010 spa d a7881 a8853 a8085 cCHAP00a581.151bP500aPlucknett, Donald L.14aLos bancos genéticos y la alimentación mundial aSan José, C. R. :bIICA,c1992 a257 p.b: ilus. 0aColección Investigación y desarrollov; 2114aGermoplasma.14aNutrición.14aRecursos genéticos.0 aCentro Internacional de Agricultura Tropical.0 aInstituto Interamericano de Cooperación para la Agricultura.0 aColección Investigación y desarrollov; 21